| 000 | 01089nam a2200277Ia 4500 | ||
|---|---|---|---|
| 003 | OSt | ||
| 005 | 20221005105200.0 | ||
| 006 | a|||||r|||| 00| 0 | ||
| 007 | ta | ||
| 008 | 221004b |||||||| |||| 00| 0 hin d | ||
| 020 |
_a9788179757260 (hbk) _cINR 995.00 |
||
| 024 | _a38032 | ||
| 037 |
_b2415, 14/03/2018, Kiran Book Service _cTextual |
||
| 040 |
_aCRL _cCRL _bhin |
||
| 041 |
_2hin _ahin |
||
| 082 | _aO152,1:g(P), Q7 | ||
| 100 | _aशर्मा, कृष्णदत्त, ले. | ||
| 245 | 0 | _aभाषा, आलोचना और आलोचक दृष्टि | |
| 246 | _aBhāṣhā, ālochanā aur ālochak dṛuṣhṭi | ||
| 260 |
_aनई दिल्ली _bअनामिका पब्लिशर्स भारत _c2017 |
||
| 300 |
_a589पृ0 _ccm. |
||
| 650 | _a हिन्दी साहित्य | ||
| 650 | _aहिन्दी कविता | ||
| 942 |
_hO152,1:g(P), Q7 _cTEXL _2cc |
||
| 999 |
_c1015031 _d1015031 |
||